Domáca ošetrovateľská starostlivosť

Bibliographic Details
Main Author: Cibulková, M. (Author)
Format: Article
Language:Slovak
ISSN:1335-1753
Subjects:

MARC

LEADER 00000nab a2200000 a 4500
001 vtls000769676
003 SK-MaSNL
005 20260304113518.0
008 250429c2001 xo 0 slo
015 |a SNBRB2001/10-28195 
035 |a CLN000121463 
035 |a urn:nbn:sk:snk-abmf7 
035 |a (urnnbn)urn:nbn:sk:snk:ar-a06cg3 
035 |a (uuid)03569474-5faf-45bf-b031-791dbd0dcfbf 
040 |a SNKBUCL  |b slo  |c SNKBUCL  |e AACR2 
041 0 |a slo 
044 |a xo  |c SK 
080 |a 362.65.058.75  |2 1997 
080 |a 616-083  |2 1997 
100 1 |a Cibulková, M.  |4 aut  |9 1279596 
245 1 0 |a Domáca ošetrovateľská starostlivosť  |c M. Cibulková 
504 |a Res. angl., slov. 
650 0 7 |a domáca ošetrovateľská starostlivosť  |2 snkbucl  |9 15742 
650 0 7 |a ošetrovateľstvo  |2 snkbucl  |9 2557 
655 7 |a články z novín a časopisov  |2 snkbucl  |9 267496 
773 0 |t Revue profesionálnej sestry  |g Roč. 8, č. 2 (2001), s. 7-8  |x 1335-1753 
850 |a Slovenská národná knižnica 
852 |a Slovenská národná knižnica 
958 |a article27 
958 |a OND 
958 |a MI 
958 |a EUIPO 
999 |c 2869749  |d 2871679